Depreciation, inflation and neutrality of investment decisions.
Stimulujúce pôsobenie rýchlejších daňových odpisov a zdanenia nominálnych úrokov v neoklasickom modeli investícií pri inflácii. Cash-flows ako investične neutrálna metóda. Investične neutrálny vplyv zdanenia reálnych úrokov kombinovaných s hospodárnymi odpismi a spomalením ich rýchlosti v súlade s i...
Salvato in:
| Autore principale: | |
|---|---|
| Natura: | Capitolo di libro |
| Lingua: | inglese |
| Soggetti: | |
| Tags: |
Nessun Tag, puoi essere il primo ad aggiungerne!!
|
MARC
| LEADER | 00000naa a2200000 4500 | ||
|---|---|---|---|
| 001 | r001071 | ||
| 005 | 20220906110826.2 | ||
| 041 | 0 | |a eng | |
| 044 | |a DE | ||
| 245 | 1 | 0 | |a Depreciation, inflation and neutrality of investment decisions. |c D. Wellisch |
| 520 | |a Stimulujúce pôsobenie rýchlejších daňových odpisov a zdanenia nominálnych úrokov v neoklasickom modeli investícií pri inflácii. Cash-flows ako investične neutrálna metóda. Investične neutrálny vplyv zdanenia reálnych úrokov kombinovaných s hospodárnymi odpismi a spomalením ich rýchlosti v súlade s inflačnými trendmi. | ||
| 610 | 2 | 0 | |a odpisy |
| 610 | 2 | 0 | |a dane |
| 610 | 2 | 0 | |a úrok |
| 610 | 2 | 0 | |a inflácia |
| 610 | 2 | 0 | |a investície |
| 610 | 2 | 0 | |a modely investícií |
| 610 | 2 | 0 | |a neoklasicizmus |
| 100 | 1 | |a Wellisch, D. | |